Capital flows and exchange rate management / (Record no. 26189)

MARC details
000 -LEADER
fixed length control field 00857cam a22002655a 4500
001 - CONTROL NUMBER
control field 17886364
005 - DATE AND TIME OF LATEST TRANSACTION
control field 20180227144316.0
008 - FIXED-LENGTH DATA ELEMENTS--GENERAL INFORMATION
fixed length control field 130507s2013 ii a frb f001 0 eng d
020 ## - INTERNATIONAL STANDARD BOOK NUMBER
International Standard Book Number 9780198075455
020 ## - INTERNATIONAL STANDARD BOOK NUMBER
International Standard Book Number 0198075456
040 ## - CATALOGING SOURCE
Original cataloging agency DKAGE
Language of cataloging eng
Transcribing agency DKAGE
Modifying agency YDXCP
-- UAB
-- BTCTA
-- DLC
-- EG-ScBUE
043 ## - GEOGRAPHIC AREA CODE
Geographic area code a-ii---
082 04 - DEWEY DECIMAL CLASSIFICATION NUMBER
Classification number 332.04240954
Edition number 22
Item number SIK
100 1# - MAIN ENTRY--PERSONAL NAME
Personal name Sikdar, Soumyen.
245 10 - TITLE STATEMENT
Title Capital flows and exchange rate management /
Statement of responsibility, etc Soumyen Sikdar.
260 ## - PUBLICATION, DISTRIBUTION, ETC. (IMPRINT)
Place of publication, distribution, etc New Delhi :
Name of publisher, distributor, etc Oxford University Press,
Date of publication, distribution, etc 2013.
300 ## - PHYSICAL DESCRIPTION
Extent xiv, 135 p. :
Other physical details ill. ;
Dimensions 19 cm.
490 0# - Series Statement
Series statement Oxford India short introductions
504 ## - BIBLIOGRAPHY, ETC. NOTE
Bibliography, etc Includes bibliographical references and index.
650 #7 - SUBJECT ADDED ENTRY--TOPICAL TERM
Topical term or geographic name as entry element Capital movements
Geographic subdivision India.
Source of heading or term BUEsh
650 #7 - SUBJECT ADDED ENTRY--TOPICAL TERM
Topical term or geographic name as entry element Foreign exchange rates
Geographic subdivision India.
Source of heading or term BUEsh
651 ## - SUBJECT ADDED ENTRY--GEOGRAPHIC NAME
Source of heading or term BUEsh
653 ## - INDEX TERM--UNCONTROLLED
Resource For college BAEPS, Economics
Arrived date list February2018
942 ## - ADDED ENTRY ELEMENTS (KOHA)
Source of classification or shelving scheme Dewey Decimal Classification
Holdings
Withdrawn status Item status Source of classification or shelving scheme Damaged status Not for loan Vendor Home library Current library Shelving location Date acquired Source of acquisition Cost, normal purchase price Serial Enumeration / chronology Total Checkouts Full call number Barcode Date last seen Cost, replacement price Koha item type
    Dewey Decimal Classification     Baccah Central Library Central Library First floor 27/02/2018 Purchase 104.00 21201   332.04240954 SIK 000047297 15/07/2025 130.00 Book - Borrowing